000 00829cam a2200277 a 4500
001 000003517
005 20200929150453.0
008 940617s1995 sp 000 1 spa d
020 _a8401009243
082 _a813.54
_bC587d
100 1 _aClancy, Tom,
_d1947-
_910904
240 1 0 _aDebt of honor
_hEspañol
245 1 0 _aDeuda de honor /
_cTom Clancy ; traducción, Víctor Pozanco.
260 _aBarcelona :
_bPlaza & Janés,
_c1995.
300 _a766 p. ;
_c21 cm.
534 _pTítulo original
_tDebt of honor
650 4 _aNovela estadounidense
_9262
650 4 _aLiteratura estadounidense
_9263
650 4 _aNovela policíacas
_910905
700 1 _aPozanco, Víctor
_etr.
_98952
910 _aCatalogación por copia
910 _aJornada de catalogación
910 _aWM
049 _aBNGR
999 _c3343
_d3343
040 _aDO-SdBNP